Paroles - Quand je t'aime, Demis Russos - Statistiques

Statistiques générales
  • Ce quiz a été pris 72 fois
  • Le résultat moyen est 176 sur 237
Statistiques - réponses
Paroles % Correct
je
100%
Je
100%
Quand
100%
t′aime
100%
t'aime
100%
un
98%
Un
98%
à
94%
À
94%
d'être
94%
d′être
94%
J'ai
94%
J′ai
94%
l′impression
94%
l'impression
94%
roi
92%
la
90%
toi
90%
me
88%
Me
88%
Le
84%
le
84%
te
84%
chevalier
80%
au
78%
ou
78%
78%
mes
76%
avec
73%
sur
73%
Terre
73%
terre
73%
se
71%
Comme
69%
d'autrefois
69%
d′autrefois
69%
est
69%
Est
69%
Il
69%
tes
69%
Tous
69%
l′amour
67%
l'amour
67%
Delta
65%
seul
65%
homme
63%
minuit
63%
bras
61%
En
61%
midi
61%
rivière
61%
suis
61%
ne
59%
plus
59%
ramènent
59%
mais
57%
Mais
57%
si
57%
volontaire
57%
gestes
55%
Prisonnier
55%
enfer,
53%
N′importe
53%
paradis
53%
sais
53%
des
51%
mendiant
51%
ensemble
49%
lèvres
49%
nos
49%
rêves
47%
Et
45%
messie
45%
ressemblent
43%
dans
39%
doigts
39%
que
39%
bout
37%
ce
31%
fièvre
24%
sans
24%
fait
22%
mal
20%
sang
20%
étoiles
18%
innocent
18%
ciel
16%
peur,
16%
plaisir
16%
dois
14%
fleurs
14%
Aucun quiz correspondant
Distribution des résultats
% des personnes avec chaque résultat
Percentile par nombre de réponses
Votre historique - résultats
Vous n’avez pas pris ce quiz